Molecular biology of the cell by Bruce Alberts and others (Record no. 1209396)

MARC details
000 -LEADER
fixed length control field 01344nam a2200349Ia 4500
003 - CONTROL NUMBER IDENTIFIER
control field OSt
005 - DATE AND TIME OF LATEST TRANSACTION
control field 20221007121822.0
008 - FIXED-LENGTH DATA ELEMENTS--GENERAL INFORMATION
fixed length control field 221006b |||||||| |||| 00| 0 eng d
020 ## - INTERNATIONAL STANDARD BOOK NUMBER
International Standard Book Number 0815340729 (pbk)
037 ## - SOURCE OF ACQUISITION
Terms of availability Textual
040 ## - CATALOGING SOURCE
Original cataloging agency BDL
Transcribing agency BDL
Language of cataloging eng
041 ## - LANGUAGE CODE
Source of code eng
Language code of text/sound track or separate title eng
100 ## - MAIN ENTRY--PERSONAL NAME
Personal name Alberts Bruce
9 (RLIN) 395434
245 #0 - TITLE STATEMENT
Title Molecular biology of the cell by Bruce Alberts and others
Remainder of title Johnson Alexander Lewis Julian Raff Martin Roberts Keith Walter Peter
250 ## - EDITION STATEMENT
Edition statement Ed 4
260 ## - PUBLICATION, DISTRIBUTION, ETC.
Place of publication, distribution, etc. New
Name of publisher, distributor, etc. York Garland Science
Date of publication, distribution, etc. 2002
300 ## - PHYSICAL DESCRIPTION
Extent xxxiv, 1463p+vp
Dimensions cm.
490 ## - SERIES STATEMENT
Volume/sequential designation Includes CD-ROM
500 ## - GENERAL NOTE
General note Includes bibliographical references; Glossary G1-G36p; Index I1-I49p; ^n23/CSL/CARB/2002-2003/466^d2002-11-09^mPurchase; ; 2002-03/470^b2002-11-22^c108/2002-2003^d2002-11-13^eRs.17,100.00^fApple Books; ; 2003-04-02^bSB^c2003-04-03^dRPS
650 ## - SUBJECT ADDED ENTRY--TOPICAL TERM
Topical term or geographic name entry element Cell biology
650 ## - SUBJECT ADDED ENTRY--TOPICAL TERM
Topical term or geographic name entry element Biology
700 ## - ADDED ENTRY--PERSONAL NAME
Personal name Johnson Alexander
9 (RLIN) 435403
700 ## - ADDED ENTRY--PERSONAL NAME
Personal name Lewis Julian
700 ## - ADDED ENTRY--PERSONAL NAME
Personal name Raff Martin
9 (RLIN) 451601
700 ## - ADDED ENTRY--PERSONAL NAME
Personal name Roberts Keith
942 ## - ADDED ENTRY ELEMENTS (KOHA)
Classification part G11, N8;P2
Koha item type Textual
Source of classification or shelving scheme Colon Classification (CC)
Holdings
Withdrawn status Lost status Source of classification or shelving scheme Damaged status Not for loan Home library Current library Date acquired Source of acquisition Serial Enumeration / chronology Total Checkouts Full call number Barcode Date last seen Price effective from Koha item type
    Colon Classification (CC)     Department of Botany Library Department of Botany Library 2022-10-07 Apple, Includes CD-ROM   G11 N8;P2 BD0004788 2022-10-07 2022-10-07 Textual
Copyright @ Delhi University Library System